=LDR 00000nam 2200000 4500 =001 INLIS000000000010689 =005 20130612102319 =008 ***********************************Ind** =035 ##$$0010-061300000010689 =041 ##$$a Ind =082 ##$$a 370 =090 ##$$a 370, Men m =100 ##$$a Freire, Paulo =245 ##$$a Menggugat pendidikan, Fundamentalis, konservatif liberal markis, Paulo Freire =260 ##$$a 2003 $b Yogyakarta =300 ##$$a xviii, 565 hlm., m =650 ##$$a Pendidikan =850 ##$$a NBPNMAT